[Event "25th International Tournament Nikaia"]
[Site "Nikaia"]
[Date "2017.09.01"]
[Round "7.15"]
[White "Spyropoulos, Nikolaos"]
[Black "Zaronikas, Dimitrios"]
[Result "1-0"]
[WhiteElo "2108"]
[BlackElo "1884"]
[PlyCount "171"]
[EventDate "2017.08.26"]

1. d4 d5 2. c4 e6 3. Nc3 Nf6 4. cxd5 exd5 5. Bg5 Be7 6. e3 O-O 7. Bd3 c6 8.
Nge2 Nbd7 9. O-O Re8 10. f3 Nf8 11. Qc2 Ng6 12. e4 dxe4 13. fxe4 c5 14. dxc5
Qc7 15. Bxf6 Bxf6 16. Nd5 Qe5 17. Nxf6+ gxf6 18. Qc3 Bg4 19. Rac1 Qg5 20. Ng3
Red8 21. Bc4 Nf4 22. Kh1 Rac8 23. Qe3 Nd3 24. Qxg5+ fxg5 25. Bxf7+ Kg7 26. Rc3
Rxc5 27. Bd5 Rxc3 28. bxc3 Nc5 29. h3 Be6 30. c4 Kg6 31. Nf5 Bxd5 32. exd5 Ne4
33. Ne7+ Kg7 34. Re1 Nc5 35. Nf5+ Kf6 36. Nd4 a6 37. Ne6 Nxe6 38. Rxe6+ Kf5 39.
Re7 b5 40. cxb5 axb5 41. Rxh7 Rxd5 42. Rf7+ Kg6 43. Ra7 b4 44. Ra6+ Kf5 45. Kh2
Rd2 46. Ra5+ Kf6 47. Kg3 b3 48. axb3 Rd3+ 49. Kg4 Rd4+ 50. Kg3 Rd3+ 51. Kg4
Rd4+ 52. Kf3 Rd3+ 53. Ke4 Rxb3 54. Ra6+ Kf7 55. Kf5 Rb5+ 56. Kg4 Rb2 57. Ra7+
Kg6 58. Ra6+ Kf7 59. g3 Rb5 60. Kh5 Rb3 61. Ra7+ Kf6 62. Ra6+ Kf7 63. Kg4 Rb5
64. Rc6 Rd5 65. Rh6 Kg7 66. Ra6 Rb5 67. Kh5 Kf7 68. Ra3 Kg7 69. Rf3 Ra5 70. g4
Kh7 71. Rf7+ Kg8 72. Rf5 Ra3 73. Rxg5+ Kh7 74. h4 Ra6 75. Rb5 Ra7 76. g5 Rc7
77. g6+ Kg7 78. Kg5 Rc2 79. Rb7+ Kg8 80. h5 Rc5+ 81. Kh6 Rc8 82. Rb5 Rd8 83.
Kg5 Ra8 84. h6 Rc8 85. h7+ Kh8 86. Kh6 1-0

[Event "25th International Tournament Nikaia"]
[Site "Nikaia"]
[Date "2017.09.01"]
[Round "7.16"]
[White "Triantos, Konstantinos"]
[Black "Makka, Evanthia"]
[Result "0-1"]
[WhiteElo "1986"]
[BlackElo "2093"]
[PlyCount "59"]
[EventDate "2017.08.26"]

1. e4 g6 2. d4 Bg7 3. Nc3 c6 4. f4 Qb6 5. Nf3 d5 6. e5 Bg4 7. h3 Bxf3 8. Qxf3
Qxd4 9. Be3 Qb4 10. O-O-O e6 11. a3 Qa5 12. Bd2 Qc7 13. g4 Ne7 14. Bd3 Nd7 15.
h4 h5 16. gxh5 Rxh5 17. Ne2 Nc5 18. Ng3 Nxd3+ 19. Qxd3 Rh8 20. Bb4 Bh6 21. Rhf1
Nf5 22. Nxf5 gxf5 23. Bd6 Qb6 24. b4 a5 25. Bc5 Qa6 26. Qe3 Qc4 27. bxa5 Rxa5
28. Bb4 Rb5 29. c3 c5 30. a4 0-1

[Event "25th International Tournament Nikaia"]
[Site "Nikaia"]
[Date "2017.09.01"]
[Round "7.17"]
[White "Sirigos, Nikolaos"]
[Black "Panagos, Theodoros"]
[Result "1-0"]
[WhiteElo "2181"]
[BlackElo "1807"]
[PlyCount "101"]
[EventDate "2017.08.26"]

1. e4 c5 2. Nf3 e6 3. b3 Nc6 4. Bb2 a6 5. c4 Qc7 6. Nc3 Nf6 7. Be2 Be7 8. O-O
d6 9. d4 cxd4 10. Nxd4 Bd7 11. Rc1 O-O 12. Nd5 exd5 13. cxd5 Nxe4 14. dxc6 bxc6
15. Qc2 d5 16. Nxc6 Bxc6 17. Qxc6 Qa5 18. Qc2 Bg5 19. Ra1 Rac8 20. Qd3 Rc6 21.
Rfd1 Rd8 22. Bf3 Nd2 23. a3 Nxf3+ 24. Qxf3 Bf6 25. Bd4 Bxd4 26. Rxd4 Rc3 27.
Rd3 d4 28. b4 Qe5 29. Rad1 Rxd3 30. Qxd3 a5 31. b5 a4 32. g3 g6 33. Rb1 Qc5 34.
b6 Qc3 35. Qb5 d3 36. b7 Rb8 37. Qxa4 d2 38. Qd1 Kg7 39. a4 Qc7 40. Qxd2 Rxb7
41. Rxb7 Qxb7 42. Qd4+ f6 43. h3 Qb1+ 44. Kg2 Qb7+ 45. Kh2 Qc7 46. Qd2 Kf7 47.
a5 Qa7 48. Qd5+ Ke7 49. Kg2 f5 50. h4 h6 51. h5 1-0

[Event "25th International Tournament Nikaia"]
[Site "Nikaia"]
[Date "2017.09.01"]
[Round "7.18"]
[White "Bousios, Hristos"]
[Black "Sideris, Theodoros"]
[Result "1/2-1/2"]
[WhiteElo "2219"]
[BlackElo "1901"]
[PlyCount "31"]
[EventDate "2017.08.26"]

1. d4 Nf6 2. c4 g6 3. Nc3 Bg7 4. e4 d6 5. Be2 O-O 6. Nf3 e5 7. dxe5 dxe5 8.
Qxd8 Rxd8 9. Nd5 Nxd5 10. cxd5 c6 11. Bg5 f6 12. dxc6 Nxc6 13. Bc4+ Kf8 14. Be3
Nd4 15. Bxd4 exd4 16. g4 1/2-1/2

[Event "25th International Tournament Nikaia"]
[Site "Nikaia"]
[Date "2017.09.01"]
[Round "7.19"]
[White "Grigoriadis, Mihail"]
[Black "Ornithopoulos, Nikolaos"]
[Result "1-0"]
[WhiteElo "2102"]
[BlackElo "1974"]
[PlyCount "99"]
[EventDate "2017.08.26"]

1. d4 Nf6 2. Bf4 e6 3. e3 b6 4. Nf3 Bb7 5. Nbd2 c5 6. c3 Be7 7. h3 Nc6 8. a3
O-O 9. Bd3 d5 10. h4 Bd6 11. Ne5 Qc7 12. Ndf3 Ne4 13. Bxe4 dxe4 14. Ng5 Bxe5
15. dxe5 Nxe5 16. Qh5 h6 17. O-O-O Nd3+ 18. Rxd3 e5 19. Ne6 Qc6 20. Rd2 Qxe6
21. Qxe5 Qxe5 22. Bxe5 f6 23. Bd6 Rf7 24. c4 Rc8 25. b3 Bc6 26. Rhd1 Rd7 27.
Kb2 Kf7 28. Bg3 Rxd2+ 29. Rxd2 h5 30. Bf4 Ke7 31. b4 cxb4 32. axb4 Rd8 33. Rxd8
Kxd8 34. b5 Bb7 35. Bd6 Kd7 36. Bf8 g6 37. Kc3 a6 38. Kd4 axb5 39. cxb5 Ke6 40.
Bb4 Bc8 41. Bc3 Bd7 42. Kc4 g5 43. hxg5 fxg5 44. Bd4 h4 45. Bxb6 g4 46. Bc7 h3
47. gxh3 gxh3 48. Kc5 Bc8 49. Kb6 Kd5 50. Ka7 1-0

[Event "25th International Tournament Nikaia"]
[Site "Nikaia"]
[Date "2017.09.01"]
[Round "7.20"]
[White "Bouboulis, Spyridon-Odysseys"]
[Black "Androutsopoulos-Agiotatos, Vas"]
[Result "0-1"]
[WhiteElo "1949"]
[BlackElo "2079"]
[PlyCount "69"]
[EventDate "2017.08.26"]

1. d4 Nf6 2. Nf3 g6 3. c4 Bg7 4. Nc3 O-O 5. g3 d5 6. Qb3 e6 7. Bg2 Nc6 8. cxd5
exd5 9. O-O Ne7 10. Bg5 c6 11. Rfc1 Nf5 12. e3 h6 13. Bxf6 Bxf6 14. Na4 Qe7 15.
Nc5 Nd6 16. Qd1 h5 17. Nd3 h4 18. Nfe5 Kg7 19. g4 h3 20. Bxh3 Bxe5 21. dxe5 Nc4
22. Bg2 Nxe5 23. h3 f5 24. Nxe5 Qxe5 25. gxf5 Bxf5 26. Qd4 Qxd4 27. exd4 Rh8
28. Re1 Kf6 29. Kh2 Rh4 30. Rad1 Rah8 31. Re3 g5 32. Rde1 Rxd4 33. Re7 Rd2 34.
b4 Rxa2 35. Kg3 0-1

[Event "25th International Tournament Nikaia"]
[Site "Nikaia"]
[Date "2017.09.02"]
[Round "8.1"]
[White "Stathopoulos, Ioannis"]
[Black "Nikolaidis, Ioannis"]
[Result "1/2-1/2"]
[WhiteElo "2323"]
[BlackElo "2561"]
[PlyCount "61"]
[EventDate "2017.08.26"]

1. d4 d5 2. c4 e6 3. Nc3 a6 4. cxd5 exd5 5. Bf4 c6 6. e3 Bf5 7. g4 Be6 8. Bd3
c5 9. Nf3 Nc6 10. Ng5 cxd4 11. exd4 Bd6 12. Be3 h6 13. Nxe6 fxe6 14. Qe2 Nge7
15. O-O-O Qc7 16. Kb1 O-O-O 17. f4 Bxf4 18. Bxf4 Qxf4 19. Qxe6+ Kb8 20. Ne2 Qd6
21. Qxd6+ Rxd6 22. Kc1 Rf8 23. Rhf1 Rdf6 24. Rxf6 Rxf6 25. Kd2 Rf2 26. Rh1 Rg2
27. h3 Nxd4 28. Ke3 Nxe2 29. Bxe2 Ng6 30. Bf3 Rxb2 31. Bxd5 1/2-1/2

[Event "25th International Tournament Nikaia"]
[Site "Nikaia"]
[Date "2017.09.02"]
[Round "8.2"]
[White "Alexiadis, Hristos"]
[Black "Grigoriadis, Alexandros"]
[Result "1/2-1/2"]
[WhiteElo "2237"]
[BlackElo "2189"]
[PlyCount "78"]
[EventDate "2017.08.26"]

1. e4 c5 2. Nf3 d6 3. d4 cxd4 4. Nxd4 g6 5. c4 Bg7 6. Nc3 Nc6 7. Be3 Nf6 8. f3
Nxd4 9. Qxd4 O-O 10. Qd2 Bd7 11. Rc1 Bc6 12. Be2 a5 13. O-O Nd7 14. b3 Nc5 15.
Rfd1 Qb6 16. Nb5 Rfd8 17. Bf1 Rac8 18. Qf2 Rd7 19. a3 Bxb5 20. cxb5 Qd8 21. Qc2
Rdc7 22. b6 Rc6 23. Bb5 Rxb6 24. Qc4 Bb2 25. b4 axb4 26. axb4 Bxc1 27. Rxc1
Rxb5 28. Qxb5 Nb3 29. Rc4 e5 30. Bg5 Qe8 31. Qxe8+ Rxe8 32. Rc7 b5 33. Rb7 Nd4
34. Be7 Ra8 35. Bxd6 f6 36. Bc5 Ra1+ 37. Kf2 Ra2+ 38. Kf1 Ra1+ 39. Kf2 Ra2+
1/2-1/2

[Event "25th International Tournament Nikaia"]
[Site "Nikaia"]
[Date "2017.09.02"]
[Round "8.3"]
[White "Pountzas, Hrisanthos"]
[Black "Kouskoutis, Georgios-Alexandro"]
[Result "1-0"]
[WhiteElo "2058"]
[BlackElo "2270"]
[PlyCount "79"]
[EventDate "2017.08.26"]

1. c4 Nf6 2. g3 e6 3. Bg2 d5 4. Nf3 Be7 5. O-O O-O 6. d4 c6 7. Qc2 b6 8. Nbd2
Bb7 9. b3 Na6 10. Bb2 Rc8 11. Rac1 c5 12. Qb1 dxc4 13. Rxc4 Bd5 14. Rcc1 cxd4
15. Rxc8 Qxc8 16. Bxd4 Qb7 17. Rc1 Nc5 18. Ne1 Bxg2 19. Nxg2 Rd8 20. Nf3 Qa6
21. Qb2 Nce4 22. Qc2 Ba3 23. Qc7 Rf8 24. Rc2 Nd6 25. Bxf6 gxf6 26. Qd7 Ne4 27.
Nf4 Bc5 28. e3 Ng5 29. Nd2 f5 30. h4 Ne4 31. Nxe4 fxe4 32. Nh5 Qd3 33. Rd2 Qb1+
34. Kg2 Qa1 35. Qc7 a5 36. Qf4 Kh8 37. Rd7 Qc3 38. Rxf7 Kg8 39. Rxf8+ Bxf8 40.
Qxe4 1-0

[Event "25th International Tournament Nikaia"]
[Site "Nikaia"]
[Date "2017.09.02"]
[Round "8.4"]
[White "Poulopoulos, Ioannis"]
[Black "Georgiou, Kostantinos"]
[Result "0-1"]
[WhiteElo "2290"]
[BlackElo "2162"]
[PlyCount "62"]
[EventDate "2017.08.26"]

1. c4 e5 2. Nc3 Nc6 3. g3 Nf6 4. Bg2 Bc5 5. e3 d6 6. Nge2 O-O 7. O-O Re8 8. d4
Bb6 9. h3 exd4 10. exd4 h6 11. Be3 Ne7 12. g4 h5 13. f3 c6 14. Nf4 Nf5 15. Bf2
Ne3 16. Bxe3 Rxe3 17. Qd2 Re8 18. Qf2 hxg4 19. hxg4 Bxg4 20. c5 dxc5 21. dxc5
Bc7 22. fxg4 Nxg4 23. Qf3 Qd4+ 24. Kh1 Ne3 25. Rf2 Nf5 26. Nh3 g6 27. Nf4 Re3
28. Qd1 Qh8+ 29. Kg1 Qh4 30. Nce2 Rd8 31. Qb1 Rxe2 0-1

[Event "25th International Tournament Nikaia"]
[Site "Nikaia"]
[Date "2017.09.02"]
[Round "8.5"]
[White "Kouvatsos, Filippos"]
[Black "Megalios, Konstantinos"]
[Result "1-0"]
[WhiteElo "2159"]
[BlackElo "2233"]
[PlyCount "79"]
[EventDate "2017.08.26"]

1. d4 Nf6 2. c4 e6 3. g3 c5 4. d5 exd5 5. cxd5 d6 6. Nc3 g6 7. Bg2 Bg7 8. Nf3
O-O 9. O-O a6 10. a4 Re8 11. Nd2 Nbd7 12. h3 Nh5 13. Kh2 Rb8 14. Nc4 Ne5 15.
Na3 Bd7 16. Ne4 Qe7 17. a5 f5 18. Ng5 Nf7 19. Nxf7 Kxf7 20. Bf3 Nf6 21. Bf4 Ne4
22. Bxe4 Qxe4 23. Bxd6 Rbd8 24. Qb3 Bc8 25. Nc4 Qxd5 26. Rad1 Bd4 27. e3 Be6
28. Ne5+ Qxe5 29. Qxb7+ Rd7 30. Qxd7+ Bxd7 31. Bxe5 Rxe5 32. exd4 cxd4 33. Rxd4
Bb5 34. Rfd1 Re2 35. R1d2 Re1 36. g4 Ra1 37. b4 Kf6 38. f4 Ra3 39. g5+ Ke7 40.
Rc2 1-0

[Event "25th International Tournament Nikaia"]
[Site "Nikaia"]
[Date "2017.09.02"]
[Round "8.6"]
[White "Beliotis, Georgios"]
[Black "Nikolaidis, Konstantinos"]
[Result "0-1"]
[WhiteElo "2157"]
[BlackElo "2227"]
[PlyCount "102"]
[EventDate "2017.08.26"]

1. e4 c5 2. c4 Nc6 3. Nc3 g6 4. Nge2 Bg7 5. g3 e6 6. Bg2 Nge7 7. a3 O-O 8. O-O
Nd4 9. d3 d6 10. Rb1 Rb8 11. b4 b6 12. Nxd4 cxd4 13. Ne2 Bd7 14. a4 Qc7 15. Qb3
Kh8 16. b5 e5 17. h3 Be6 18. Ba3 Rbd8 19. a5 f5 20. axb6 axb6 21. exf5 gxf5 22.
f4 Rg8 23. Kh2 Ng6 24. Rbe1 exf4 25. Nxf4 Nxf4 26. gxf4 Qf7 27. Qc2 d5 28. Qe2
Rge8 29. cxd5 Bxd5 30. Qf2 Qd7 31. Rxe8+ Rxe8 32. Re1 Rxe1 33. Qxe1 Bxg2 34.
Kxg2 Qxb5 35. Qe6 h6 36. Qc4 Qd7 37. Bb2 Kh7 38. Kg3 Bf6 39. Qb4 Qg7+ 40. Kf3
Qb7+ 41. Kg3 Qg7+ 42. Kh2 Qc7 43. Kg3 Bh4+ 44. Kg2 Qc2+ 45. Kh1 Qd1+ 46. Kg2
Qe2+ 47. Kh1 Qf3+ 48. Kg1 Bf2+ 49. Kf1 Bg3+ 50. Kg1 Qf2+ 51. Kh1 Qh2# 0-1

[Event "25th International Tournament Nikaia"]
[Site "Nikaia"]
[Date "2017.09.02"]
[Round "8.7"]
[White "Gazis, Efstathios"]
[Black "Kordis, Konstantinos"]
[Result "1-0"]
[WhiteElo "2212"]
[BlackElo "2130"]
[PlyCount "59"]
[EventDate "2017.08.26"]

1. e4 c5 2. Nf3 d6 3. d4 cxd4 4. Nxd4 Nf6 5. Nc3 a6 6. Bg5 e6 7. f4 h6 8. Bh4
Qb6 9. a3 Be7 10. Bf2 Qc7 11. Nb3 b5 12. Be2 Bb7 13. Bf3 Nbd7 14. Qe2 e5 15.
Be3 exf4 16. Bxf4 Ne5 17. Nd4 g6 18. O-O Kf8 19. Kh1 Kg7 20. Qe1 h5 21. Rd1 h4
22. h3 Rae8 23. Qf2 Nc4 24. Be2 Nxe4 25. Nxe4 Bxe4 26. b3 Nb6 27. Be5+ dxe5 28.
Qxf7+ Kh6 29. Ne6 Rh7 30. Nxc7 1-0

[Event "25th International Tournament Nikaia"]
[Site "Nikaia"]
[Date "2017.09.02"]
[Round "8.8"]
[White "Skaperdas, Kostantinos"]
[Black "Spyropoulos, Nikolaos"]
[Result "1-0"]
[WhiteElo "2200"]
[BlackElo "2108"]
[PlyCount "93"]
[EventDate "2017.08.26"]

1. e4 e6 2. d4 d5 3. Nc3 Nf6 4. e5 Nfd7 5. f4 c5 6. Nf3 Nc6 7. Be3 a6 8. Qd2
Be7 9. Be2 O-O 10. O-O b5 11. Nd1 Qb6 12. c3 a5 13. Nf2 b4 14. Nh3 Ba6 15. f5
bxc3 16. bxc3 cxd4 17. Nxd4 Bxe2 18. Qxe2 Bc5 19. Rab1 Qa6 20. Qxa6 Rxa6 21.
fxe6 fxe6 22. Rb5 Ncxe5 23. Rxf8+ Bxf8 24. Ng5 Bc5 25. Ngxe6 Rxe6 26. Nxe6
Bxe3+ 27. Kf1 Bd2 28. Rxa5 Kf7 29. Nd8+ Ke7 30. Rxd5 Bxc3 31. Nb7 Nc4 32. Ke2
Bf6 33. Nc5 Ndb6 34. Rd1 Nb2 35. Rb1 Nd5 36. Kf3 Nb4 37. a4 Nc6 38. Re1+ Kf7
39. Ke4 Na5 40. Kd5 Be7 41. Rf1+ Kg6 42. Rf3 Nbc4 43. Nd7 Nb2 44. Ne5+ Kg5 45.
Ke6 Bb4 46. Rf5+ Kh6 47. Nf7+ 1-0

[Event "25th International Tournament Nikaia"]
[Site "Nikaia"]
[Date "2017.09.02"]
[Round "8.9"]
[White "Nikolaou, Spiridon"]
[Black "Delithanasis, Dimitrios"]
[Result "1-0"]
[WhiteElo "2196"]
[BlackElo "2007"]
[PlyCount "63"]
[EventDate "2017.08.26"]

1. d4 Nf6 2. c4 Nc6 3. Nf3 e6 4. g3 g6 5. Bg2 Bg7 6. O-O O-O 7. b3 d5 8. Bb2 b6
9. Nbd2 Bb7 10. Rc1 Qe7 11. a3 Ne4 12. Qc2 Nxd2 13. Qxd2 Na5 14. Qe3 dxc4 15.
b4 Nb3 16. Rxc4 Bd5 17. Rc2 a5 18. Ne5 Bxg2 19. Kxg2 a4 20. Rd1 Rac8 21. f3 Qd6
22. Rd3 Qd5 23. Qf4 g5 24. Qxg5 f6 25. Qg4 fxe5 26. dxe5 Qb5 27. Qxe6+ Kh8 28.
Rd7 Rce8 29. Qg4 Bxe5 30. Bxe5+ Qxe5 31. Rcxc7 Qf5 32. Qg6 1-0

[Event "25th International Tournament Nikaia"]
[Site "Nikaia"]
[Date "2017.09.02"]
[Round "8.10"]
[White "Mavrikakis, Georgios"]
[Black "Gogolis, Alexandros"]
[Result "1/2-1/2"]
[WhiteElo "2107"]
[BlackElo "2190"]
[PlyCount "38"]
[EventDate "2017.08.26"]

1. e4 c6 2. Nc3 d5 3. Nf3 dxe4 4. Nxe4 Nf6 5. Qe2 Nxe4 6. Qxe4 Nd7 7. Bc4 Nf6
8. Ne5 e6 9. Qe2 Be7 10. O-O O-O 11. Re1 Nd5 12. d4 Qc7 13. Bd3 Bf6 14. Qe4 g6
15. Bh6 Bg7 16. Qh4 Qd8 17. Qxd8 Rxd8 18. Bxg7 Kxg7 19. c3 f6 1/2-1/2

[Event "25th International Tournament Nikaia"]
[Site "Nikaia"]
[Date "2017.09.03"]
[Round "9.11"]
[White "Kakadelis, Stratos"]
[Black "Krallis, Christos"]
[Result "0-1"]
[WhiteElo "1978"]
[BlackElo "2148"]
[PlyCount "103"]
[EventDate "2017.08.26"]

1. c4 e5 2. Nc3 Nf6 3. g3 d5 4. cxd5 Nxd5 5. Bg2 Nb6 6. Nf3 Nc6 7. d3 Be7 8.
O-O O-O 9. Be3 Be6 10. d4 exd4 11. Nxd4 Nxd4 12. Bxd4 c6 13. Ne4 Bd5 14. e3 Re8
15. Qg4 g6 16. Qf4 Bxe4 17. Bxe4 Nd5 18. Qf3 Nf6 19. Bc2 Qd5 20. Qe2 c5 21. Bb3
Qf5 22. Bc2 Qh3 23. Bxf6 Bxf6 24. Bb3 Re7 25. Rad1 h5 26. Rd6 Kg7 27. Rc1 h4
28. Rc2 hxg3 29. hxg3 Be5 30. Rd5 Rh8 31. Qf3 c4 32. Bxc4 Bxg3 33. Qg2 Bh2+ 34.
Kf1 Qh4 35. Rd4 Qf6 36. Re4 Rxe4 37. Qxe4 Rd8 38. Bd5 Qg5 39. Rd2 f5 40. Qb4 f4
41. Qxb7+ Kh6 42. exf4 Qg1+ 43. Ke2 Re8+ 44. Be4 Qg4+ 45. f3 Qg2+ 46. Kd1 Qf1+
47. Kc2 Bxf4 48. Qf7 Rc8+ 49. Kb3 Qb5+ 50. Ka3 Qa5+ 51. Kb3 Rb8+ 52. Kc4 0-1

[Event "25th International Tournament Nikaia"]
[Site "Nikaia"]
[Date "2017.09.03"]
[Round "9.12"]
[White "Kordis, Konstantinos"]
[Black "Tsomis, Dimitrios"]
[Result "1-0"]
[WhiteElo "2130"]
[BlackElo "1983"]
[PlyCount "44"]
[EventDate "2017.08.26"]

1. e4 c5 2. Nf3 d6 3. d4 cxd4 4. Nxd4 Nf6 5. Nc3 a6 6. Bc4 e6 7. Bb3 Be7 8. g4
O-O 9. g5 Ne8 10. Rg1 Nc6 11. Be3 Bd7 12. f4 Nxd4 13. Qxd4 Qc8 14. O-O-O Nc7
15. f5 exf5 16. g6 Bf6 17. Bxf7+ Rxf7 18. gxf7+ Kxf7 19. Qxd6 Be6 20. exf5 Bxf5
21. Rdf1 Nb5 22. Qd5+ Be6 1-0